00901nam a22002417a 450000100040000000500170000402000170002104000400003805000230007808200120010110000300011324500880014324600420023126000350027330000380030850500060034652001980035252100190055052100190056965000210058865000330060965000170064267620240326145843.0 a978043922715 aDLCcDLCdDLCdWaUdDLCdFISKHbeng00aPZ7.V597bTw8 200000aFic2211 aVerne, Jules,d1828-1905.10a20,000 leagues under the sea /cJules Verne ; With an introduction by Bruce Coville30aTwenty thousand leagues under the sea aNew York :bScholastic,c2000. a426, 2 unnumbered pages :c18 cm. aZ aRetells the adventures of a French professor and his two companions as they sail above and below the world's oceans as prisoners on the fabulous electric submarine of the deranged Captain Nemo. a1100 bLexile aZ1 bRaz-Plus 1aScience fiction. 1aSubmarines (Ships)vFiction. 1aSea stories.